Cold As You lyrics - Statistics

General Stats
  • This quiz has been taken 74 times
  • The average score is 192 of 243
Answer Stats
Lyrics % Correct
a
100%
I
97%
You
97%
you
97%
you,
97%
as
93%
cold
93%
And
90%
and
90%
anywhere
90%
been
90%
it
90%
never
90%
no
90%
that
90%
to
90%
But
87%
for
87%
I'm
87%
I've
87%
me
87%
of
87%
did
83%
give
83%
have
83%
here
83%
now
83%
Now
83%
say
83%
the
83%
thinkin'
83%
what
83%
What
83%
do
80%
if
80%
Just
80%
Oh,
80%
So
80%
so
80%
thing,
80%
through,
80%
through
80%
when
80%
with
80%
all
77%
away,
77%
away
77%
best
77%
damn
77%
not
77%
shame,
77%
shame
77%
sittin'
77%
up
77%
will
77%
honey
73%
is
73%
walk
73%
want
73%
wanted
73%
way
73%
'cause
70%
day
70%
somethin'
70%
take,
70%
take
70%
cried,
67%
cried
67%
every
67%
perfect
67%
wouldn't
67%
coming
63%
died,
63%
died
63%
Died
63%
ending
63%
feel
63%
know
63%
little
63%
rainy
63%
there
63%
told
63%
very
63%
given
60%
great
60%
made
60%
need
60%
use
60%
come
57%
easily
57%
fight,
57%
nerve
57%
nobody
57%
put
57%
smile
57%
start
57%
story
57%
them
57%
words
57%
adore
53%
gray
53%
mess
53%
shade
53%
you've
53%
fake
50%
paint
50%
walls
50%
wished
50%
defending
47%
dreamer
47%
loving
47%
scars
43%
condescending
40%
stood
40%
ain't
37%
Ain't
37%
Countin'
37%
No matching quizzes found
Score Distribution
Percent of People with Each Score
Percentile by Number Answered
Your Score History
You have not taken this quiz